|
|
|
|
| LEADER |
00000cam a2200000 a 4500 |
| 001 |
vtls011548971 |
| 003 |
SK-MaSNL |
| 005 |
20260425233204.0 |
| 008 |
240318s2016 xr ioa g en 000 0ccze |
| 020 |
|
|
|a 9788072438570
|q (viaz.)
|
| 040 |
|
|
|a SNK
|b slo
|c SNK
|e AACR2
|
| 041 |
0 |
|
|a cze
|
| 043 |
|
|
|a e-xr---
|
| 044 |
|
|
|a xr
|c CZ
|
| 072 |
|
7 |
|a 27
|x Kresťanstvo. Kresťanská cirkev všeobecne. Ekleziológia
|2 konspekt
|
| 072 |
|
7 |
|a 929
|x Biografie
|2 konspekt
|
| 080 |
|
|
|a 27-726.2
|2 2011
|
| 080 |
|
|
|a 27-726.1
|2 2011
|
| 080 |
|
|
|a 2-6+316.72/.75
|2 2011
|
| 080 |
|
|
|a (031)
|2 2011
|
| 080 |
|
|
|a 27-772
|2 2011
|
| 080 |
|
|
|a 27-772-024.71
|2 2011
|
| 080 |
|
|
|a 27-9
|2 2011
|
| 080 |
|
|
|a (0:82-94)
|2 2011
|
| 080 |
|
|
|a 929
|2 2011
|
| 080 |
|
|
|a (437.3)
|2 2011
|
| 100 |
1 |
|
|a Koutek, Tomáš,
|d 1966-
|4 aut
|9 151630
|
| 245 |
1 |
0 |
|a Čeští biskupové a arcibiskupové 973-2016
|b od Dětmara k Dukovi
|c Tomáš Koutek
|
| 250 |
|
|
|a 1. vyd.
|
| 260 |
|
|
|a Praha
|b Nakladatelství Brána
|b Arcibiskupství Praha
|c 2016
|
| 300 |
|
|
|a 219 s.
|b erby, fotogr., ilustr.
|c 25 cm
|
| 504 |
|
|
|a Bibliogr. s. 218-219
|
| 610 |
2 |
7 |
|a Katolická církev.
|b Diecéze pražská
|2 SNKKA
|9 489934
|
| 610 |
2 |
7 |
|a Katolická církev.
|b Arcidiecéze pražská
|2 SNKKA
|9 489935
|
| 648 |
|
7 |
|a 973-2016
|2 SNKPH
|9 489936
|
| 648 |
|
7 |
|a 10th-14th centuries
|2 SNKPHeng
|9 489937
|
| 648 |
|
7 |
|a 10.-14. stor.
|2 SNKPH
|9 346081
|
| 648 |
|
7 |
|a 10th-21st centuries
|2 SNKPHeng
|9 489938
|
| 648 |
|
7 |
|a 14th-21st centuries
|2 SNKPHeng
|9 440867
|
| 648 |
|
7 |
|a 10.-21. stor.
|2 SNKPH
|9 411648
|
| 648 |
|
7 |
|a 14.-21. stor.
|2 SNKPH
|9 313045
|
| 650 |
0 |
7 |
|a biskupi
|2 SNKPH
|9 1760
|
| 650 |
0 |
7 |
|a Bishops
|2 SNKPHeng
|9 287787
|
| 650 |
0 |
7 |
|a arcibiskupi
|2 SNKPH
|9 686
|
| 650 |
0 |
7 |
|a Archbishops
|2 SNKPHeng
|9 336387
|
| 650 |
0 |
7 |
|a Dioceses
|2 SNKPHeng
|9 266270
|
| 650 |
0 |
7 |
|a Archdioceses
|2 SNKPHeng
|9 274395
|
| 650 |
0 |
7 |
|a diecézy
|2 SNKPH
|9 88437
|
| 650 |
0 |
7 |
|a arcidiecézy
|2 SNKPH
|9 102203
|
| 650 |
0 |
7 |
|a cirkevné dejiny
|2 SNKPH
|9 3909
|
| 650 |
0 |
7 |
|a Church history
|2 SNKPHeng
|9 266918
|
| 651 |
|
7 |
|a Česko
|2 SNKPHgeo
|9 16753
|
| 651 |
|
7 |
|a Czechia
|2 SNKPHeng
|9 170107
|
| 655 |
|
7 |
|a encyklopédie
|2 SNKPH
|9 28776
|
| 655 |
|
7 |
|a Encyclopedias
|2 SNKPHeng
|9 90422
|
| 655 |
|
7 |
|a medailóny
|2 SNKPH
|9 294691
|
| 655 |
|
7 |
|a Biographical portraits
|2 SNKPHeng
|9 304692
|
| 919 |
|
|
|a 978-80-7243-857-0
|
| 958 |
|
|
|a NT
|
| 958 |
|
|
|a BC
|
| 958 |
|
|
|a CZ
|
| 958 |
|
|
|a NB
|
| 999 |
|
|
|c 759072
|d 761002
|
| 952 |
|
|
|t snkKOU 27:929
|a SNKUST
|b SNKUST
|y PREZ
|7 0
|p 17A1303920
|o snkIC 143645
|i snk2017/24149
|8 4
|g 13.96
|0 0
|1 0
|4 0
|d 2017-10-23
|l 0
|r 2025-03-20 00:00:00
|w 2026-02-23
|